000 00293nam a22001337a 4500
008 170714b xxu||||| |||| 00| 0 eng d
020 _a012444041-X
041 _aeng
080 _a101
100 _a24
101 _aFJA
245 _aNEW DIRECTIONS IN SEMANTICS
_cLEPORE,E
942 _2udc
_cBK
999 _c20705
_d20705